000 00215nam a2200109Ia 4500
100 _a#N/A
942 _cBK
245 _aDigit Dec 2013 window tools ;Linux tools
260 _b#N/A
546 _aENGLISH
999 _c31214
_d31214